00646 a2200217 4500003000500000005001700005010001300022020001500035040000900050082001300059100002100072245005200093250001100145260002600156300002800182600002100210650003500231942001200266999001900278952013100297Nust20170207153541.0 a66016127 a9971512351 cNust a621.3851 aKuo, Franklin F. aNetwork analysis and synthesiscFranklin F. Kuo a2nd ed aWileybNew Yorkc1966 axvii, 515pbillusc24cm aKuo, Franklin F. aNetwork analysis and synthesis 2ddccBK c188398d188398 00102ddc40708NFICaMCSbMCSd2016-12-12l1m1o621.3851 KUOpMCS27654q2022-12-23r2022-08-25s2022-08-25w2016-12-12yBK